000 00284nam a22001337a 4500
008 180307b xxu||||| |||| 00| 0 eng d
020 _a9780972741453
041 _aeng
080 _a658
100 _a54
101 _aman
245 _amanagement module
_cumar.a
942 _2udc
_cBK
999 _c44315
_d44315